000 00667cam a2200241 4500
008 090401t1997 xxu||||| |||| 00| 0 eng d
020 _a186081185X
035 _a(Sirsi) u82935
041 _aeng
050 _a693.5
100 _aDavies, H.
245 _aProgress in European standardisation for the protection and repair of concrete.
260 _aLondon
_bCRC Ltd.
_c1997
300 _a4p. ; 30cm.
350 _a0
490 _aBRE Information Paper
_v11/97
650 _aCONCRETE
650 _aEUROPEAN STANDARDS
690 _aBUILT ENVIRONMENT-BUILDING MATERIALS
710 _aBuilding Research Establishment
942 _n0
948 _c05/01/1998
999 _c96845
_d96845